Derechos a la libertad de informacin̤ y expresin̤ en el contrato de trabajo

Bibliographic Details
Main Author: Aparicio Aldana, Rebeca Karina
Format: eBook
Language:Spanish
Published: Barcelona: J.M. Bosch Editor, 2020
Subjects:
Online Access:Acceso restringido

MARC

LEADER 00000nam a22000007a 4500
005 20220217234338.0
007 cr|||| ||||
008 220217s2020 es |||||s|||| 00||0 spa d
020 |a 978-84-122314-2-7 
035 |a 35572 
040 |a vLex 
090 |c 13031  |d 13031 
100 1 |a Aparicio Aldana, Rebeca Karina 
245 1 0 |a Derechos a la libertad de informacin̤ y expresin̤ en el contrato de trabajo  |h [Recurso electrn̤ico] /  |c Rebeca Karina Aparicio Aldana 
256 |a Servicio en ln̕ea 
260 |a Barcelona:  |b J.M. Bosch Editor,  |c 2020 
300 |a 1 recurso electrn̤ico 
500 |a Esta obra se aboca al estudio de los derechos a la libertad de informacin̤ y expresin̤ en el contrato de trabajo, con el fin de dar una solucin̤ a los conflictos que se presentan ante la dificultad de los operadores jurd̕icos para distinguir, en los casos concretos, ambos derechos fundamentales. Para ello, aborda las implicaciones jurd̕icas de su ejercicio en las relaciones laborales, analizando la doctrina cientf̕ica al respecto y los diversos pronunciamientos del Tribunal Constitucional, Tribunal Supremo, Audiencia Nacional y de los Tribunales europeos, desde una perspectiva armonizadora de los derechos fundamentales. Esta monografa̕ est ̀dirigida a abogados, operadores jurd̕icos, organizaciones sindicales, organizaciones no gubernamentales de proteccin̤ de los derechos fundamentales, administraciones pb︢licas dedicadas a la proteccin̤ de los derechos de los trabajadores, investigadores jurd̕icos, especialistas en recursos humanos, entre otros interesados en la defensa de estos derechos de vital relevancia en una sociedad democrt̀ica. 
506 1 |a Disponible solo en los productos indicados  |d vLex Global  |d vLex Global (Academic Edition, excluding Law Schools)  |d vLex Global (U.S. Academic Edition, Law Schools)  |d vLex Global (U.S. Academic Edition, excluding Law Schools)  |d vLex Global (Academic Edition, Law Schools) 
650 0 4 |a Derecho Laboral y Seguridad Social  |z Espaą 
740 0 |a vLex Libros (Servicio en ln̕ea) 
856 4 0 |u https://app.vlex.com/#/sources/35572  |z Acceso restringido 
942 |c BOOK 
999 0 |a Labor law and social security